000 00582nam a2200193Ia 4500
005 20250508165321.0
008 008 250505s9999 xx 000 0 eng d
037 _aDissertations
040 _aFEDL
_beng
_cFEDL
041 _aeng
_2eng
084 _a371.335 8, SHA/DI
_qFEDL
100 _aSharma Swati
245 0 _aStudy of adolescents' engagement with reality shows on television
260 _c2013
300 _a138p.
546 _aM.Ed. Dissertation, (Delhi University); C D Included
942 _cDIS
_h371.335 8, SHA/DI
999 _c1394416
_d1394416